Statistics for Two Countries in the Pattern #2

Click here to take the quiz!

General Stats

  • This quiz has been taken 49 times
  • The average score is 11 of 22

Answer Stats

PatternAnswer% Correct
Australia
83%
C _ _ _Chad
83%
_ Z _ _ _ _ _ _ _ _Azerbaijan
81%
E _ _ _ _ _ AEritrea
81%
Ghana
79%
MA _ _ _ _ _ _ _ _Madagascar
74%
G _ _ _ _Gabon
71%
Cuba
69%
Uzbekistan
69%
Estonia
67%
A _ _ _ _ _ _ _ AArgentina
62%
Mauritania
50%
_ A _ _Laos
43%
Mali
43%
Somalia
43%
S _ _ _ _ _ _Senegal
38%
Mozambique
17%
Netherlands
17%
Russia
14%
_ _ S _ _ _Kosovo
12%
_ _ _ H _ _ _ _ _ _ _Afghanistan
10%
_ _ _ _ _ B _ _ _ _Luxembourg
10%

Score Distribution

Percentile by Number Answered

Percent of People with Each Score

Your Score History

You have not taken this quiz